| 000 | 00707nam a2200217 a 4500 | ||
|---|---|---|---|
| 005 | 20240919063808.0 | ||
| 008 | 991125s1979 mx 000 0 spa u | ||
| 020 | _a9684470037 | ||
| 035 | _aUPN01000012822 | ||
| 049 | _aCG | ||
| 050 | 4 |
_aF1232.5 O8 _bO8.3 |
|
| 100 | 1 |
_aOtero, José Mariano, _d1817-1850 |
|
| 245 | 1 | 3 |
_aLa cuestión social y política en la República Mexicana / _cMariano Otero. |
| 260 |
_aMéxico : _bCentro de Documentación Política, _c1979. |
||
| 300 | _a131 p. | ||
| 440 | 0 |
_aCuadernos de causa ; _v15 |
|
| 651 | 4 |
_aMéxico _xCondiciones sociales _xHistoria _916936 |
|
| 651 | 4 |
_aMéxico _xPolítica social _96687 |
|
| 651 | 4 |
_aMéxico _xPolítica y gobierno _94512 |
|
| 905 | _aLibro | ||
| 999 |
_c12822 _d12822 |
||